Vista normal
Vista MARC
Entrada Personal Name
Número de registros utilizados en: 1
001 - CONTROL NUMBER
- control field: 17198
003 - CONTROL NUMBER IDENTIFIER
- control field: DLC
005 - DATE AND TIME OF LATEST TRANSACTION
- control field: 20250613154258.0
008 - FIXED-LENGTH DATA ELEMENTS
- fixed length control field: 200903n| azannaabn |a aaa
010 ## - LIBRARY OF CONGRESS CONTROL NUMBER
- LC control number: n 2020185088
035 ## - SYSTEM CONTROL NUMBER
- System control number: (DNLM)1860898
040 ## - CATALOGING SOURCE
- Original cataloging agency: DNLM
- Language of cataloging: spa
- Description conventions: rda
- Transcribing agency: Mx-PuUPA
- Modifying agency: Mx-PuUPA
100 1# - HEADING--PERSONAL NAME
- Personal name: Onandia Hinchado, Ibán,
373 ## - ASSOCIATED GROUP
- Associated group: Universidad del Pais Vasco
- Source of term: naf
374 ## - OCCUPATION
- Occupation: Autor
375 ## - GENDER
- Gender: hombre
377 ## - ASSOCIATED LANGUAGE
- Language code: spa
400 1# - SEE FROM TRACING--PERSONAL NAME
- Personal name: Hinchado, Ibán Onandia
670 ## - SOURCE DATA FOUND
- Source citation: Evaluación neuropsicológica de los procesos atencionales, 2019:
- Information found: title page (Ibán Onandia Hinchado) page 4 of cover (doctor en psicología clínica, profesor asociado en la UPV/EHU y psicólogo-neuropsicólogo en el Gabinete de Psicología Amorebieta y la Policlínica Gipuzkoa)